The Handbook of Person-Centred Psychotherapy and Counselling /

محفوظ في:
التفاصيل البيبلوغرافية
مؤلفون آخرون: Cooper, Mick (edición) (edición)
التنسيق: كتاب
اللغة:الإنجليزية
منشور في: Nueva York, EUA : Palgrave Macmillan, 2013, c2013
الطبعة:2a edición
الموضوعات:
الوسوم: إضافة وسم
لا توجد وسوم, كن أول من يضع وسما على هذه التسجيلة!

MARC

LEADER 00000nam^a2200000^a^4500
001 000357045
005 20250521000000.0
009 20260526141804.594
037 |a Acervo ITESO - Biblioteca 
041 |a ING 
082 |a 616. 89146  |b HAN 
245 1 4 |a The Handbook of Person-Centred Psychotherapy and Counselling /  |c Ed. de M. Cooper... [et al.]. 
250 |a 2a edición 
264 4 |a Nueva York, EUA :  |b Palgrave Macmillan,  |c 2013, c2013 
300 |a XVIII, 523 p. 
336 |a texto  |b txt  |2 rdacontenido 
337 |a sin mediación  |b n  |2 rdamedio 
338 |a volumen  |b nc  |2 rdasoporte 
521 |a 2015 BO Maestría en Desarrollo Humano 
649 |a XX 
650 |a Psicoterapia Grupal 
650 |a Orientación y Consejería -  |x Tema Principal 
650 |a Terapia Centrada en la Persona -  |x Teoría 
650 |a Terapia Centrada en la Persona -  |x Tema Principal 
650 |a Psicoterapia 
650 |a Psicología Clínica 
700 |a Cooper, Mick  |e (edición) 
910 |a Fondo General 
920 |a Impresos - Libros 
930 |a Colección General 
905 |a 101 
901 |a 0500249252  |b IT1  |c ACC  |i C147317  |u 20250521 
901 |a 0500249255  |b IT1  |c ACC  |i C147318  |u 20250521 
902 |a https://opac.biblio.iteso.mx/vufind/Record/000357045